000 00507nam a2200169Ia 4500
999 _c23077
_d23077
003 OSt
005 20200226123325.0
008 190216s9999||||xx |||||||||||||| ||und||
020 _a9789382934974
040 _coclc
082 _a328
_bKOY/C
100 _a Koya, C H Muhammed
_91956
245 0 _aCHinte Theranjedutha Niyamasabhaprasangangal /
_cC H Muhammed Koya
260 _bOlive Publications,
_c2013.
_aKozhikode:
300 _a365p
942 _cBK
_2ddc
_h328
_iKOY/C
_k328
_mKOY/C